[Event "36th Rilton Cup"]
[Site "Stockholm SWE"]
[Date "2007.01.03"]
[Round "7.16"]
[White "Netzer, Jean"]
[Black "Hultin, Per"]
[Result "1-0"]
[WhiteElo "2404"]
[BlackElo "2153"]
[EventDate "2006.12.27"]
[PlyCount "59"]

1.e4 c5 2.Nf3 Nc6 3.d4 cxd4 4.Nxd4 Nf6 5.Nc3 e5 6.Ndb5 d6 7.Bg5 a6 8.Na3 
b5 9.Nd5 Be7 10.Bxf6 Bxf6 11.c3 O-O 12.Nc2 Bg5 13.a4 bxa4 14.Rxa4 a5 15.
Bc4 Rb8 16.Ra2 Kh8 17.Nce3 Be6 18.O-O g6 19.Qa4 Bd7 20.Bb5 Bxe3 21.fxe3 
Qc8 22.Rf6 Rxb5 23.Qxb5 Nb4 24.Qxa5 Nxa2 25.Qxa2 Qc5 26.Qa6 Be6 27.b4 Qc8 
28.Qxd6 Re8 29.Qxe5 Kg8 30.Qd4 1-0

[Event "36th Rilton Cup"]
[Site "Stockholm SWE"]
[Date "2007.01.03"]
[Round "7.17"]
[White "Leer-Salvesen, Bjarte"]
[Black "Flindt, Thomas"]
[Result "1-0"]
[WhiteElo "2389"]
[BlackElo "2170"]
[EventDate "2006.12.27"]
[PlyCount "55"]

1.c4 Nc6 2.g3 e5 3.Bg2 f5 4.Nc3 Nf6 5.d3 d6 6.Nf3 Bd7 7.O-O h6 8.Rb1 g5 9.
b4 Ne7 10.c5 Ng6 11.cxd6 Bxd6 12.Nd2 Bc6 13.Bxc6+ bxc6 14.Qa4 Qd7 15.b5 
Nf4 16.gxf4 gxf4 17.Kh1 Rg8 18.Qc4 c5 19.Nd5 O-O-O 20.Nxf6 Qg7 21.Nxg8 
Rxg8 22.Qd5 e4 23.Qxf5+ Kb8 24.Qxe4 f3 25.Qxf3 Qe5 26.Qh3 Qxe2 27.Ne4 Be5 
28.Bd2 1-0

[Event "36th Rilton Cup"]
[Site "Stockholm SWE"]
[Date "2007.01.03"]
[Round "7.18"]
[White "Grandelius, Nils"]
[Black "Akesson, Joel"]
[Result "1/2-1/2"]
[WhiteElo "2308"]
[BlackElo "2366"]
[EventDate "2006.12.27"]
[PlyCount "145"]

1.e4 e6 2.d4 d5 3.Nc3 Bb4 4.e5 c5 5.a3 Bxc3+ 6.bxc3 Qa5 7.Bd2 Qa4 8.Qg4 g6
9.Qd1 b6 10.Nf3 Ne7 11.Bg5 Nd7 12.c4 dxc4 13.dxc5 Nd5 14.cxb6 axb6 15.Be2 
h6 16.Bd2 Ba6 17.c3 Qxd1+ 18.Kxd1 Nc5 19.Kc2 Ne4 20.Be1 Nf4 21.Nd4 O-O 22.
Bf3 Bb7 23.Bd2 Nxd2 24.Bxb7 Ra7 25.Kxd2 Rxb7 26.g3 Nd3 27.f4 Ra8 28.Rhb1 
g5 29.Ke3 Ra5 30.Rb5 Rba7 31.Rxa5 Rxa5 32.Nc6 Ra4 33.Nb4 Nc5 34.Nc2 Nd3 
35.Nb4 Nc5 36.Nc2 Ra7 37.Rb1 Na4 38.Rb4 Nxc3 39.Rxc4 Nd5+ 40.Kf3 gxf4 41.
gxf4 Kg7 42.a4 Ra5 43.Ne3 b5 44.axb5 Ra3 45.Re4 Rb3 46.Kf2 Rxb5 47.Nxd5 
Rxd5 48.Ra4 Rd3 49.Ra7 Kg6 50.Kg2 h5 51.Kf2 h4 52.Kg2 Rc3 53.Rb7 Re3 54.
Kf2 Ra3 55.Kg2 Rc3 56.Ra7 Rd3 57.Rb7 f6 58.exf6 h3+ 59.Kf2 Kxf6 60.Rb5 Rd5
61.Rxd5 exd5 62.Ke3 Kf5 63.Kd4 Kxf4 64.Kxd5 Ke3 65.Ke5 Kf3 66.Kd4 Ke2 67.
Ke4 Kf2 68.Kf4 Kg2 69.Ke3 Kg1 70.Kf3 Kxh2 71.Kf2 Kh1 72.Kg3 h2 73.Kf2 
1/2-1/2

[Event "36th Rilton Cup"]
[Site "Stockholm SWE"]
[Date "2007.01.03"]
[Round "7.19"]
[White "Aguettaz, Maxime"]
[Black "Mardell, Jimmy"]
[Result "1/2-1/2"]
[WhiteElo "2300"]
[BlackElo "2101"]
[EventDate "2006.12.27"]
[PlyCount "92"]

1.Nf3 Nf6 2.c4 c5 3.Nc3 d5 4.cxd5 Nxd5 5.g3 Nc7 6.Bg2 Nc6 7.O-O e5 8.Ne1 
Bg4 9.Nd3 Qxd3 10.exd3 Bxd1 11.Rxd1 O-O-O 12.Bxc6 bxc6 13.Re1 f6 14.Re3 
Ne6 15.Ne2 g6 16.b3 Bh6 17.f4 Rhe8 18.Ba3 exf4 19.gxf4 Nxf4 20.Nxf4 Bxf4 
21.Rxe8 Rxe8 22.Rf1 g5 23.Bxc5 Kb7 24.Rf2 Re1+ 25.Kg2 Rd1 26.Bd4 f5 27.Be3
Bxe3 28.dxe3 Rxd3 29.Rxf5 Rxe3 30.Rxg5 Re2+ 31.Kg1 Rxa2 32.Rg7+ Ka6 33.
Rxh7 Ra3 34.Rh3 c5 35.Rg3 Kb5 36.h4 Ra6 37.h5 Rh6 38.Rh3 Kb4 39.Kf2 a5 40.
Ke2 a4 41.bxa4 Kxa4 42.Kd3 Kb3 43.Ke4+ Kb4 44.Kd5 c4 45.Kd4 c3 46.Rxc3 
Rxh5 1/2-1/2

[Event "36th Rilton Cup"]
[Site "Stockholm SWE"]
[Date "2007.01.03"]
[Round "7.20"]
[White "Persson, Andreas"]
[Black "Kosmo, Santul"]
[Result "1/2-1/2"]
[WhiteElo "2072"]
[BlackElo "2280"]
[EventDate "2006.12.27"]
[PlyCount "90"]

1.e4 e5 2.Nf3 d6 3.d4 exd4 4.Nxd4 Nf6 5.Nc3 Be7 6.Bc4 O-O 7.O-O Re8 8.Re1 
Bf8 9.Bg5 c6 10.a4 Nbd7 11.Bb3 h6 12.Bh4 Qc7 13.f3 a6 14.Nf5 g6 15.Ne3 b6 
16.Qd2 Bb7 17.Rad1 b5 18.axb5 axb5 19.Bg3 Ne5 20.f4 Ned7 21.f5 g5 22.Bxd6 
Bxd6 23.Qxd6 Qxd6 24.Rxd6 b4 25.Na4 Rxe4 26.Red1 Rxe3 27.Rxd7 Nxd7 28.Rxd7
Ba6 29.Bxf7+ Kf8 30.Bg6 Bc4 31.b3 Re7 32.Rd1 Bf7 33.Nb6 Ra2 34.Nd7+ Rxd7 
35.Rxd7 Bxg6 36.fxg6 Rxc2 37.Rc7 c5 38.h3 Rc3 39.Kf2 Kg8 40.Ke2 Kf8 41.Kf2
Rxb3 42.Rxc5 Kg7 43.Rc6 Rc3 44.Rb6 b3 45.Ke2 Rg3 1/2-1/2

[Event "36th Rilton Cup"]
[Site "Stockholm SWE"]
[Date "2007.01.03"]
[Round "7.21"]
[White "Byklum, Bjornar"]
[Black "Engman, Rickard"]
[Result "1/2-1/2"]
[WhiteElo "2275"]
[BlackElo "2199"]
[EventDate "2006.12.27"]
[PlyCount "64"]

1.e4 e5 2.Nf3 Nc6 3.Nc3 Nf6 4.g3 d5 5.exd5 Nd4 6.Bg2 Bg4 7.h3 Bxf3 8.Bxf3 
Nxf3+ 9.Qxf3 Bb4 10.O-O O-O 11.Rd1 Qd7 12.g4 Rae8 13.a3 e4 14.Qg2 Ba5 15.
d3 exd3 16.cxd3 Bxc3 17.bxc3 Nxd5 18.Bd2 f5 19.c4 Ne7 20.Be3 b6 21.d4 Ng6 
22.a4 f4 23.Bd2 Nh4 24.Qd5+ Qxd5 25.cxd5 Re4 26.Bb4 Rf7 27.a5 h6 28.d6 
cxd6 29.Bxd6 Rxd4 30.axb6 Rxd1+ 31.Rxd1 axb6 32.Rb1 Rf6 1/2-1/2

[Event "36th Rilton Cup"]
[Site "Stockholm SWE"]
[Date "2007.01.03"]
[Round "7.22"]
[White "Nyland, Thomas"]
[Black "Sammalvuo, Niina"]
[Result "1/2-1/2"]
[WhiteElo "2124"]
[BlackElo "2259"]
[EventDate "2006.12.27"]
[PlyCount "157"]

1.d4 Nf6 2.c4 e6 3.Nc3 Bb4 4.Qc2 c5 5.dxc5 O-O 6.a3 Bxc5 7.b4 Be7 8.Bb2 a6
9.e3 b6 10.Be2 Bb7 11.Bf3 Ra7 12.Nge2 Qc7 13.Ne4 d5 14.Nxf6+ gxf6 15.Rc1 
Rc8 16.c5 Nd7 17.cxb6 Qxc2 18.bxa7 Qxb2 19.Rxc8+ Bxc8 20.a8=Q Qa1+ 21.Kd2 
Qb2+ 22.Ke1 Nb6 23.Qc6 Qxa3 24.g3 Qxb4+ 25.Kf1 Bd7 26.Qb7 a5 27.Kg2 a4 28.
Nd4 Qd6 29.Rb1 Nc4 30.Qa8+ Bf8 31.Rb8 a3 32.Rd8 Qe7 33.Rb8 Kg7 34.Rb7 Qd6 
35.Qa7 Ne5 36.Bh5 Qc5 37.Rxd7 Nxd7 38.Qxd7 Qe7 39.Qxe7 Bxe7 40.Nb3 a2 41.
Kf1 Ba3 42.Ke2 Bb2 43.h4 f5 44.Kd3 Kf8 45.Kc2 Bf6 46.f3 Ke7 47.Kd3 a1=Q 
48.Nxa1 Bxa1 49.e4 Be5 50.g4 dxe4+ 51.fxe4 fxe4+ 52.Kxe4 Bg3 53.g5 Bxh4 
54.Kf4 Be1 55.Be2 Bd2+ 56.Kg4 h6 57.gxh6 Bxh6 58.Bc4 Bd2 59.Kf3 f5 60.Bb3 
Kf6 61.Ba2 Ke5 62.Bb3 Kd6 63.Ba2 e5 64.Bb1 Ke6 65.Bd3 Kf6 66.Ke2 e4 67.
Bxe4 fxe4 68.Kxd2 Kg5 69.Kd1 Kf4 70.Ke2 e3 71.Ke1 Ke5 72.Kf1 Kf5 73.Ke1 
Kf4 74.Ke2 Ke4 75.Ke1 Kd3 76.Kd1 Kd4 77.Ke1 Ke5 78.Ke2 Kd4 79.Ke1 1/2-1/2

[Event "36th Rilton Cup"]
[Site "Stockholm SWE"]
[Date "2007.01.03"]
[Round "7.23"]
[White "Barkhudarian, Rafael"]
[Black "Marta, Daniele"]
[Result "1/2-1/2"]
[WhiteElo "2259"]
[BlackElo "2073"]
[EventDate "2006.12.27"]
[PlyCount "120"]

1.e4 e6 2.d4 d5 3.Nc3 Bb4 4.Ne2 Nf6 5.Bg5 dxe4 6.a3 Be7 7.Bxf6 Bxf6 8.Nxe4
Nc6 9.c3 Be7 10.Qc2 O-O 11.O-O-O f5 12.Nd2 Bf6 13.f4 b6 14.g4 g6 15.h4 Bb7
16.Rh2 fxg4 17.h5 Qe8 18.Ne4 Ne7 19.Bg2 Rb8 20.hxg6 Qxg6 21.Rdh1 Nf5 22.
Rh5 h6 23.Qb3 Bg7 24.Rxf5 Qxf5 25.N4g3 Qf7 26.Bxb7 Rxb7 27.Qc2 c5 28.dxc5 
bxc5 29.Rh4 Rfb8 30.Rxg4 Rxb2 31.Qxb2 Rxb2 32.Kxb2 Kf8 33.Rh4 Qb7+ 34.Kc2 
Qf3 35.f5 exf5 36.Rf4 Qe3 37.Rxf5+ Kg8 38.Rd5 c4 39.Rd8+ Kh7 40.Rd7 Kh8 
41.Rd8+ Kh7 42.Rd7 Qc5 43.a4 Qa5 44.Kd2 Qxa4 45.Re7 Kg8 46.Nh5 Bh8 47.Re4 
Kf7 48.Nhg3 Qd7+ 49.Ke3 Qd3+ 50.Kf4 Bxc3 51.Nf5 Bd2+ 52.Ke5 c3 53.Nd6+ Kg6
54.Rg4+ Kh5 55.Rg2 Qxe2+ 56.Rxe2 c2 57.Kf5 Kh4 58.Ne4 Kh3 59.Nf2+ Kg3 60.
Nd3 c1=Q 1/2-1/2

[Event "36th Rilton Cup"]
[Site "Stockholm SWE"]
[Date "2007.01.03"]
[Round "7.24"]
[White "Vogel, Jorg"]
[Black "Lindberg, Henrik"]
[Result "1/2-1/2"]
[WhiteElo "2064"]
[BlackElo "2295"]
[EventDate "2006.12.27"]
[PlyCount "44"]

1.d4 d5 2.c4 e6 3.Nf3 c5 4.cxd5 exd5 5.g3 Nc6 6.Bg2 Nf6 7.O-O Be7 8.Nc3 
O-O 9.Bg5 cxd4 10.Nxd4 h6 11.Nxc6 bxc6 12.Be3 Re8 13.Rc1 Bg4 14.Re1 Qd7 
15.Na4 Bb4 16.Bd2 Bd6 17.Be3 Re7 18.Nc5 Qc7 19.Bd4 Nd7 20.Qd2 Rae8 21.Nxd7
Qxd7 22.Qc3 Be5 1/2-1/2

[Event "36th Rilton Cup"]
[Site "Stockholm SWE"]
[Date "2007.01.03"]
[Round "7.25"]
[White "Eriksson, Jorgen"]
[Black "Andersson, Alexis"]
[Result "1-0"]
[WhiteElo "2265"]
[BlackElo "2021"]
[EventDate "2006.12.27"]
[PlyCount "95"]

1.d4 Nf6 2.Bg5 e6 3.e3 h6 4.Bh4 c5 5.c3 d5 6.Nd2 Nbd7 7.f4 b6 8.Bd3 Bb7 9.
Ngf3 Be7 10.Ne5 a6 11.O-O Qc7 12.Ndf3 Bd6 13.Qe2 Ne4 14.c4 Ndf6 15.Rac1 
O-O 16.a3 a5 17.Rc2 Ba6 18.Rfc1 Qb7 19.Bxf6 Nxf6 20.cxd5 exd5 21.Bxa6 Qxa6
22.Qxa6 Rxa6 23.a4 Rd8 24.b3 Raa8 25.h3 Re8 26.Nd2 h5 27.g3 Ra7 28.Kf2 
Rae7 29.Kf3 Nd7 30.Nf1 Bxe5 31.dxe5 f6 32.Rd1 fxe5 33.Rxd5 exf4 34.gxf4 
Nf6 35.Rd6 Re6 36.Rxe6 Rxe6 37.Rd2 Kf7 38.Ng3 g6 39.h4 Ke7 40.e4 Nd7 41.f5
Rf6 42.Kf4 Rf8 43.e5 gxf5 44.Nxf5+ Ke8 45.e6 Nf6 46.e7 Rg8 47.Rd8+ Kf7 48.
Nh6+ 1-0

[Event "36th Rilton Cup"]
[Site "Stockholm SWE"]
[Date "2007.01.04"]
[Round "8.1"]
[White "Berczes, David"]
[Black "Kotronias, Vassilios"]
[Result "1/2-1/2"]
[WhiteElo "2415"]
[BlackElo "2699"]
[EventDate "2006.12.27"]
[PlyCount "57"]

1.d4 Nf6 2.c4 g6 3.Nc3 Bg7 4.e4 d6 5.Bd3 O-O 6.Nge2 Nc6 7.O-O e5 8.d5 Nd4 
9.Rb1 c5 10.dxc6 bxc6 11.b4 Re8 12.b5 Bb7 13.Bg5 Ne6 14.Bh4 g5 15.bxc6 
Bxc6 16.Bg3 Nf4 17.f3 Rb8 18.Rxb8 Qxb8 19.Qd2 Qb4 20.Rb1 Qa5 21.Be1 Rc8 
22.Nxf4 exf4 23.Nd5 Qd8 24.Qa5 Bxd5 25.Qxd8+ Rxd8 26.cxd5 Nd7 27.Bf2 Nc5 
28.Bxc5 dxc5 29.Rb7 1/2-1/2

[Event "36th Rilton Cup"]
[Site "Stockholm SWE"]
[Date "2007.01.04"]
[Round "8.2"]
[White "Howell, David"]
[Black "Fontaine, Robert"]
[Result "1/2-1/2"]
[WhiteElo "2471"]
[BlackElo "2557"]
[EventDate "2006.12.27"]
[PlyCount "38"]

1.e4 c6 2.d4 d5 3.exd5 cxd5 4.c4 Nf6 5.Nc3 Nc6 6.Nf3 Bg4 7.cxd5 Nxd5 8.Qb3
Bxf3 9.gxf3 Nb6 10.Be3 e6 11.O-O-O Be7 12.d5 exd5 13.Nxd5 Nxd5 14.Rxd5 Qc7
15.Kb1 O-O 16.Be2 Rad8 17.Rhd1 Rxd5 18.Rxd5 Bf6 19.f4 Rd8 1/2-1/2

[Event "36th Rilton Cup"]
[Site "Stockholm SWE"]
[Date "2007.01.04"]
[Round "8.3"]
[White "Berg, Emanuel"]
[Black "Cramling, Pia"]
[Result "1-0"]
[WhiteElo "2667"]
[BlackElo "2583"]
[EventDate "2006.12.27"]
[PlyCount "80"]

1.e4 c5 2.Nf3 e6 3.d4 cxd4 4.Nxd4 Nc6 5.Nc3 Qc7 6.Be2 Nf6 7.O-O Be7 8.Kh1 
O-O 9.f4 d6 10.Be3 Nxd4 11.Qxd4 b6 12.e5 dxe5 13.fxe5 Nd5 14.Nxd5 exd5 15.
Bd3 Qd8 16.Qf4 Be6 17.Qf3 h6 18.Bxh6 gxh6 19.Qh5 Kg7 20.Rf3 Bh4 21.g3 Bg5 
22.h4 Rh8 23.Raf1 Qe7 24.Bf5 Raf8 25.Kg2 Bxf5 26.Rxf5 Be3 27.Qg4+ Kh7 28.
Qf3 d4 29.c3 Qd7 30.cxd4 Bxd4 31.Qe4 Kg8 32.e6 Qxe6 33.Qxe6 fxe6 34.Rxf8+ 
Kg7 35.R1f7+ Kg6 36.Rxh8 Bxh8 37.Rxa7 Bxb2 38.Ra4 Bc3 39.Rc4 Ba5 40.Kf3 h5
1-0

[Event "36th Rilton Cup"]
[Site "Stockholm SWE"]
[Date "2007.01.04"]
[Round "8.4"]
[White "Hansen, Lars Bo"]
[Black "Gleizerov, Evgeny"]
[Result "1/2-1/2"]
[WhiteElo "2575"]
[BlackElo "2560"]
[EventDate "2006.12.27"]
[PlyCount "28"]

1.d4 e6 2.c4 f5 3.g3 Nf6 4.Bg2 c6 5.Nf3 d5 6.O-O Bd6 7.Nc3 O-O 8.Qc2 Ne4 
9.Rb1 Qe7 10.b4 Bd7 11.b5 Nxc3 12.Qxc3 cxb5 13.cxb5 Rc8 14.Qb3 a6 1/2-1/2

[Event "36th Rilton Cup"]
[Site "Stockholm SWE"]
[Date "2007.01.04"]
[Round "8.5"]
[White "Rozentalis, Eduardas"]
[Black "Akesson, Ralf"]
[Result "0-1"]
[WhiteElo "2591"]
[BlackElo "2582"]
[EventDate "2006.12.27"]
[PlyCount "128"]

1.d4 Nf6 2.Nf3 e6 3.Bg5 c5 4.e3 Be7 5.c4 O-O 6.Nc3 cxd4 7.exd4 d5 8.Bd3 
Nc6 9.O-O Nb4 10.Be2 dxc4 11.Bxc4 b6 12.Ne5 Bb7 13.Re1 Nfd5 14.Bd2 Rc8 15.
Bb3 Nxc3 16.bxc3 Nd5 17.Qf3 Rc7 18.c4 Nf6 19.Qd3 Qa8 20.Bc2 b5 21.Qg3 Rfc8
22.c5 Be4 23.Bb3 a5 24.a4 b4 25.Nc4 Qa7 26.Bg5 Bg6 27.Rad1 Nh5 28.Qh4 Bxg5
29.Qxg5 Rf8 30.Nd6 Qb8 31.f4 Nf6 32.f5 h6 33.Qf4 Bxf5 34.Nxf5 exf5 35.Qxf5
Rd8 36.Qe5 Qb7 37.h3 Rcd7 38.Rf1 Qc6 39.Rd3 Kf8 40.Kh1 Re7 41.Qf5 Qe4 42.
d5 Re5 43.Qf3 Qxf3 44.Rdxf3 Rc8 45.c6 Ke7 46.Rg3 Rg5 47.Rxg5 hxg5 48.Rf5 
Kd6 49.Kg1 Rc7 50.Rxg5 g6 51.Rg3 Ne4 52.Rf3 f5 53.Ba2 Nc3 54.Bb3 Ne2+ 55.
Kf2 Nd4 56.Rd3 Nxb3 57.Rxb3 Kxd5 58.Ke2 Kc4 59.Rg3 Rxc6 60.Kd2 Rd6+ 61.Kc2
Re6 62.h4 b3+ 63.Kb2 Re2+ 64.Kb1 Kb4 0-1

[Event "36th Rilton Cup"]
[Site "Stockholm SWE"]
[Date "2007.01.04"]
[Round "8.6"]
[White "Furhoff, Johan"]
[Black "Nyback, Tomi"]
[Result "1-0"]
[WhiteElo "2430"]
[BlackElo "2606"]
[EventDate "2006.12.27"]
[PlyCount "65"]

1.e4 e5 2.Nf3 Nc6 3.Bc4 Bc5 4.c3 Nf6 5.d3 a6 6.Nbd2 O-O 7.Bb3 Ba7 8.O-O d6
9.h3 Ne7 10.Re1 Ng6 11.Nf1 h6 12.Ng3 Nh7 13.d4 Qf6 14.Nh5 Qe7 15.Be3 Ng5 
16.Nh2 Ne6 17.g3 exd4 18.cxd4 c5 19.d5 Nd4 20.h4 Re8 21.Bxd4 cxd4 22.Kg2 
Qf8 23.Rc1 Bb6 24.Ba4 Re7 25.f4 Qd8 26.f5 Nf8 27.Ng4 f6 28.Qd2 Bd7 29.Bb3 
Be8 30.Nhxf6+ gxf6 31.Nxf6+ Kh8 32.Qxh6+ Nh7 33.Nxh7 1-0

[Event "36th Rilton Cup"]
[Site "Stockholm SWE"]
[Date "2007.01.04"]
[Round "8.7"]
[White "Smith, Axel"]
[Black "Cicak, Slavko"]
[Result "0-1"]
[WhiteElo "2319"]
[BlackElo "2545"]
[EventDate "2006.12.27"]
[PlyCount "82"]

1.e4 c5 2.Nf3 d6 3.d4 Nf6 4.Nc3 cxd4 5.Nxd4 Nc6 6.Bg5 e6 7.Qd2 a6 8.O-O-O 
Bd7 9.f3 h5 10.h3 Be7 11.Be3 Qc7 12.Kb1 h4 13.Bd3 Ne5 14.f4 Nc6 15.Nf3 b5 
16.Qf2 Rb8 17.e5 dxe5 18.fxe5 b4 19.Ne4 Nd5 20.Nd6+ Bxd6 21.exd6 Qxd6 22.
Bc4 Nce7 23.Ng5 f6 24.Ne4 Qe5 25.Rhe1 Qxe4 26.Bxd5 Nxd5 27.Ba7 Qc4 28.Bxb8
Qb5 29.Bd6 Nc3+ 30.Ka1 Nxd1 31.Rxd1 Rh5 32.Qf3 a5 33.a4 Qxa4+ 34.Kb1 Qb5 
35.Rd4 Bc6 36.Qg4 Kf7 37.b3 Rg5 38.Qxh4 Rxg2 39.Qh8 Qe2 40.Qf8+ Kg6 41.Rc4
Be4 0-1

[Event "36th Rilton Cup"]
[Site "Stockholm SWE"]
[Date "2007.01.04"]
[Round "8.8"]
[White "Ulybin, Mikhail"]
[Black "Gagarin, Vasily"]
[Result "0-1"]
[WhiteElo "2506"]
[BlackElo "2447"]
[EventDate "2006.12.27"]
[PlyCount "60"]

1.e4 c5 2.Nf3 e6 3.d4 cxd4 4.Nxd4 Nc6 5.Nc3 Qc7 6.f4 Nxd4 7.Qxd4 a6 8.Be3 
b5 9.Be2 Bb7 10.Bf3 Rc8 11.Rd1 Ne7 12.Qd2 d6 13.a4 b4 14.Na2 a5 15.c3 Qc4 
16.Be2 Qxa2 17.Qxd6 Qxa4 18.Qb6 Bc6 19.Ba6 Ra8 20.Rd6 Qa1+ 21.Kf2 Qxb2+ 
22.Rd2 Qxc3 23.Rhd1 f6 24.Bd4 Qb3 25.Rd3 Qa4 26.Kg1 Rxa6 27.Qxa6 Bxe4 28.
R3d2 Kf7 29.Qe2 Qc6 30.Ra1 a4 0-1

[Event "36th Rilton Cup"]
[Site "Stockholm SWE"]
[Date "2007.01.04"]
[Round "8.9"]
[White "Bindrich, Falko"]
[Black "Netzer, Jean"]
[Result "1-0"]
[WhiteElo "2482"]
[BlackElo "2404"]
[EventDate "2006.12.27"]
[PlyCount "69"]

1.e4 c5 2.Nf3 Nf6 3.Nc3 d5 4.exd5 Nxd5 5.d4 Nxc3 6.bxc3 e6 7.Bd3 Nc6 8.O-O
Be7 9.Be4 c4 10.Qe2 Na5 11.Ne5 Bd7 12.Rb1 O-O 13.Nxc4 Nxc4 14.Qxc4 Bc6 15.
Bxc6 bxc6 16.Rb7 Rc8 17.Rxa7 c5 18.Qa4 cxd4 19.cxd4 Bf6 20.Ba3 Re8 21.Bc5 
Rb8 22.c3 Qd5 23.Qd7 Qh5 24.Bd6 Rbd8 25.Qc6 e5 26.Qb5 Qg5 27.h4 Qxh4 28.
dxe5 Qg5 29.Qb7 Qg6 30.Ra6 Qd3 31.Ra7 Qc4 32.f4 Rxd6 33.exd6 Bxc3 34.Ra8 
Qc5+ 35.Rf2 1-0

[Event "36th Rilton Cup"]
[Site "Stockholm SWE"]
[Date "2007.01.04"]
[Round "8.10"]
[White "Lindberg, Bengt"]
[Black "Karlsson, Lars"]
[Result "1-0"]
[WhiteElo "2484"]
[BlackElo "2531"]
[EventDate "2006.12.27"]
[PlyCount "51"]

1.e4 c5 2.Nf3 Nc6 3.d4 cxd4 4.Nxd4 Nf6 5.Nc3 g6 6.Nxc6 bxc6 7.e5 Ng8 8.Bc4
Bg7 9.Qf3 f5 10.Bf4 e6 11.O-O Nh6 12.Rad1 Qc7 13.Rfe1 Nf7 14.Qg3 Rg8 15.h4
Rb8 16.b3 Bf8 17.Ne2 c5 18.Nc3 a6 19.Nd5 exd5 20.e6 Nd6 21.e7 Bh6 22.Bxd6 
f4 23.Bxc7 fxg3 24.Bxd5 gxf2+ 25.Kxf2 Rb7 26.Bxg8 1-0

[Event "36th Rilton Cup"]
[Site "Stockholm SWE"]
[Date "2007.01.04"]
[Round "8.11"]
[White "Hillarp Persson, Tiger"]
[Black "Leer-Salvesen, Bjarte"]
[Result "1-0"]
[WhiteElo "2600"]
[BlackElo "2389"]
[EventDate "2006.12.27"]
[PlyCount "86"]

1.d4 e6 2.c4 d5 3.Nc3 c6 4.e3 Nf6 5.Nf3 Nbd7 6.Qc2 Bd6 7.b3 O-O 8.Be2 a6 
9.O-O Re8 10.Rd1 Qe7 11.Bb2 dxc4 12.bxc4 e5 13.c5 Bc7 14.dxe5 Nxe5 15.Na4 
Neg4 16.Bd4 Ne4 17.Rf1 Bf5 18.Bd3 Ng5 19.Bxf5 Nxf3+ 20.gxf3 Nxh2 21.Bxh7+ 
Kh8 22.Qf5 Qh4 23.Rfd1 Qxh7 24.Qxh7+ Kxh7 25.f4 Nf3+ 26.Kg2 Nxd4 27.Rxd4 
Rad8 28.Rb4 Ba5 29.Rxb7 Re4 30.Nb6 Rd2 31.Kf3 f5 32.Rh1+ Kg8 33.Nd7 Bc3 
34.Ne5 Bxe5 35.fxe5 g5 36.Rc7 g4+ 37.Kg3 Rxe5 38.Rb1 Kf8 39.Rxc6 Rxa2 40.
Rb8+ Re8 41.Rb7 f4+ 42.exf4 Ra3+ 43.Kxg4 Ra4 1-0

[Event "36th Rilton Cup"]
[Site "Stockholm SWE"]
[Date "2007.01.04"]
[Round "8.12"]
[White "Tikkanen, Hans"]
[Black "Brynell, Stellan"]
[Result "1/2-1/2"]
[WhiteElo "2402"]
[BlackElo "2624"]
[EventDate "2006.12.27"]
[PlyCount "59"]

1.d4 e6 2.c4 Nf6 3.Nf3 b6 4.Nc3 Bb7 5.Bg5 h6 6.Bh4 Be7 7.e3 Ne4 8.Bxe7 
Qxe7 9.Nxe4 Bxe4 10.Bd3 Bxd3 11.Qxd3 Qb4+ 12.Nd2 Qxb2 13.Rb1 Qxa2 14.O-O 
Qa6 15.Qe4 c6 16.Ra1 Qb7 17.c5 O-O 18.Nc4 bxc5 19.dxc5 Qb4 20.Ra5 d5 21.
cxd6 Nd7 22.Qxc6 Nb6 23.Nxb6 Qxb6 24.Qxb6 axb6 25.Rb5 Rfb8 26.e4 Ra5 27.
Rb4 f5 28.f3 Kf7 29.Rc1 Kf6 30.d7 1/2-1/2

[Event "36th Rilton Cup"]
[Site "Stockholm SWE"]
[Date "2007.01.04"]
[Round "8.13"]
[White "Ernst, Thomas"]
[Black "Eriksson, Jorgen"]
[Result "1-0"]
[WhiteElo "2508"]
[BlackElo "2265"]
[EventDate "2006.12.27"]
[PlyCount "97"]

1.e4 e6 2.d4 d5 3.Nc3 Nf6 4.Bg5 Bb4 5.e5 h6 6.Bd2 Bxc3 7.bxc3 Ne4 8.Qg4 
Kf8 9.Bd3 Nxd2 10.Kxd2 c5 11.h4 c4 12.Be2 Nc6 13.Rh3 b5 14.Rg3 Rg8 15.Qf4 
Bd7 16.Bh5 Be8 17.Rf3 Ke7 18.Ne2 g6 19.Bg4 h5 20.Bh3 Kd7 21.Ke1 Rh8 22.Kf1
a5 23.Qg3 Qe7 24.Rf6 Qa3 25.Qf3 Kc7 26.Rxf7+ Bxf7 27.Qxf7+ Qe7 28.Qxe6 
Qxe6 29.Bxe6 Ne7 30.Nf4 Kc6 31.Bf7 Rhf8 32.e6 b4 33.Nxg6 Nxg6 34.Bxg6 Kd6 
35.Re1 Ra7 36.Bxh5 bxc3 37.Bf7 Rb8 38.g4 Rb2 39.g5 Rxc2 40.g6 Rd2 41.g7 
Ra8 42.e7 c2 43.g8=Q Rxg8 44.Bxg8 Rd1 45.e8=Q c1=Q 46.Qd8+ Kc6 47.Qxd5+ 
Kb6 48.Qc5+ Kb7 49.Bd5+ 1-0

[Event "36th Rilton Cup"]
[Site "Stockholm SWE"]
[Date "2007.01.04"]
[Round "8.14"]
[White "Hamark, Jesper"]
[Black "Bellon Lopez, Juan Manuel"]
[Result "1-0"]
[WhiteElo "2369"]
[BlackElo "2516"]
[EventDate "2006.12.27"]
[PlyCount "93"]

1.d4 d5 2.Bf4 c5 3.e3 Nc6 4.c3 Qb6 5.Qb3 c4 6.Qc2 Bf5 7.Qxf5 Qxb2 8.Qxd5 
Qxa1 9.Qb5 O-O-O 10.Bxc4 e5 11.Ne2 exf4 12.O-O fxe3 13.fxe3 Nge7 14.Nd2 a6
15.Qb6 Nd5 16.Bxd5 Qxf1+ 17.Kxf1 Rxd5 18.c4 Rf5+ 19.Kg1 Be7 20.Ne4 Kb8 21.
d5 Bd8 22.Qb1 Na5 23.Nc5 Rg5 24.Nd4 Ka7 25.Qb4 Rg6 26.Nd7 Re8 27.Qc5+ Rb6 
28.Kf2 h5 29.Kf3 g5 30.Qxa5 g4+ 31.Kf4 g3 32.hxg3 Rg6 33.Qc5+ b6 34.Nc6+ 
Kb7 35.Qb4 Bg5+ 36.Kf3 Bxe3 37.Nde5 Bc5 38.Qb1 Rf6+ 39.Ke4 Rf2 40.Kd3 f6 
41.Kc3 fxe5 42.Qh7+ Kc8 43.Na7+ Kd8 44.Qb7 Ref8 45.Qc8+ Ke7 46.Qe6+ Kd8 
47.d6 1-0

[Event "36th Rilton Cup"]
[Site "Stockholm SWE"]
[Date "2007.01.04"]
[Round "8.15"]
[White "Andersson, Fredrik"]
[Black "Kolbus, Dietmar"]
[Result "1/2-1/2"]
[WhiteElo "2344"]
[BlackElo "2397"]
[EventDate "2006.12.27"]
[PlyCount "38"]

1.d4 Nf6 2.Nf3 g6 3.Bg5 Bg7 4.c3 d5 5.Nbd2 c6 6.e3 Nbd7 7.Bd3 O-O 8.O-O 
Re8 9.e4 dxe4 10.Nxe4 Nxe4 11.Bxe4 Nf6 12.Bc2 Be6 13.Bb3 Bxb3 14.Qxb3 Qb6 
15.Rfe1 Nd5 16.Qa3 Qc7 17.Qb3 Qb6 18.Qa3 Qc7 19.Qb3 Qb6 1/2-1/2

[Event "36th Rilton Cup"]
[Site "Stockholm SWE"]
[Date "2007.01.04"]
[Round "8.16"]
[White "Agrest, Inna"]
[Black "Berczes, Csaba"]
[Result "0-1"]
[WhiteElo "2023"]
[BlackElo "2414"]
[EventDate "2006.12.27"]
[PlyCount "70"]

1.e4 c5 2.Nf3 Nc6 3.Nc3 e5 4.Bc4 d6 5.d3 Be7 6.h3 Nf6 7.O-O O-O 8.Nh2 Be6 
9.Bd5 Bxd5 10.Nxd5 Nxd5 11.exd5 Nd4 12.c3 Nf5 13.Nf3 g6 14.Re1 Rc8 15.a4 
Ng7 16.Bh6 Rc7 17.Nd2 f5 18.Nc4 Rd7 19.Qd2 Re8 20.Re2 Nh5 21.g3 Nf6 22.Ne3
Kh8 23.Bg5 Nxd5 24.Nxd5 Bxg5 25.Qc2 Rf8 26.f3 h5 27.Kg2 h4 28.g4 Rdf7 29.
Rf1 fxg4 30.hxg4 Qd7 31.Re4 h3+ 32.Kxh3 Rxf3+ 33.Rxf3 Rxf3+ 34.Kg2 Rf8 35.
Kg1 Qf7 0-1

[Event "36th Rilton Cup"]
[Site "Stockholm SWE"]
[Date "2007.01.04"]
[Round "8.17"]
[White "Akesson, Joel"]
[Black "Rodrigues, Emmanuel"]
[Result "1-0"]
[WhiteElo "2366"]
[BlackElo "2159"]
[EventDate "2006.12.27"]
[PlyCount "127"]

1.d4 d5 2.Nf3 Nc6 3.c4 Bg4 4.Nc3 Bxf3 5.exf3 e6 6.cxd5 exd5 7.Bb5 a6 8.
Bxc6+ bxc6 9.O-O Bd6 10.Re1+ Ne7 11.Bg5 f6 12.Bh4 O-O 13.Na4 Rb8 14.Bg3 
Nf5 15.a3 a5 16.Rc1 Re8 17.Rxe8+ Qxe8 18.Qd2 Rb5 19.Qd3 Qd7 20.Qc3 Ne7 21.
Re1 Nf5 22.Qd2 Kf7 23.Bf4 Ne7 24.Be3 Qc8 25.Rc1 Qb7 26.Rc2 Qc8 27.Qd3 Kg8 
28.g3 Qb7 29.Kg2 Rb3 30.Rc3 Rb5 31.Bd2 h6 32.Rc1 Rb3 33.Qc2 Qb5 34.Nc3 Qb6
35.Nd1 a4 36.Be3 Qb7 37.Qd2 Qa6 38.Rc2 Kf7 39.Qe2 Qa8 40.Nc3 Qa5 41.Qd3 
Kg8 42.h4 Qa8 43.Re2 Qa5 44.Bf4 Kf8 45.Qe3 Qa7 46.Qe6 Qb7 47.Nxa4 Qc8 48.
Bxd6 Qxe6 49.Rxe6 cxd6 50.Rxd6 Rd3 51.Nc5 Rd2 52.b4 Kf7 53.Ne6 Ra2 54.Nd8+
Kf8 55.Nxc6 Nxc6 56.Rxc6 Rxa3 57.Rc5 Ra4 58.Rxd5 Rxb4 59.Rd7 h5 60.g4 g6 
61.Kg3 Ke8 62.Rg7 Rxd4 63.Rxg6 Kf7 64.Rh6 1-0

[Event "36th Rilton Cup"]
[Site "Stockholm SWE"]
[Date "2007.01.04"]
[Round "8.18"]
[White "Nithander, Victor"]
[Black "Grandelius, Nils"]
[Result "1-0"]
[WhiteElo "2401"]
[BlackElo "2308"]
[EventDate "2006.12.27"]
[PlyCount "67"]

1.e4 e5 2.Nf3 Nc6 3.Bb5 Nf6 4.O-O Nxe4 5.d4 Nd6 6.Bxc6 dxc6 7.dxe5 Nf5 8.
Qxd8+ Kxd8 9.Nc3 Ne7 10.Bf4 Ng6 11.Bg3 Be7 12.h3 Bd7 13.Rad1 Kc8 14.Nd4 c5
15.Ndb5 Bd8 16.Rd2 a6 17.Na3 b5 18.Nd5 Ne7 19.Ne3 Nf5 20.Rxd7 Nxg3 21.Rfd1
Ne4 22.Rxf7 g6 23.f4 Bh4 24.g3 Bxg3 25.Nf1 Kb7 26.Kg2 Bh4 27.Kf3 Nf2 28.
Rdd7 Rhf8 29.Rxc7+ Kb6 30.Rb7+ Ka5 31.Nc4+ Ka4 32.Nb6+ Ka5 33.Nxa8 Rxa8 
34.Rxh7 1-0